Breaking out again : feminist ontology and epistimology
Αποθηκεύτηκε σε:
| Κύριος συγγραφέας: | |
|---|---|
| Άλλοι συγγραφείς: | |
| Μορφή: | Βιβλίο |
| Γλώσσα: | English |
| Δημοσίευση: |
London and New York :
Routledge,
1993
|
| Έκδοση: | 2nd ed. |
| Θέματα: | |
| Ετικέτες: |
Προσθήκη ετικέτας
Δεν υπάρχουν, Καταχωρήστε ετικέτα πρώτοι!
|
MARC
| LEADER | 00000nam a2200000 i 4500 | ||
|---|---|---|---|
| 001 | 1/5895 | ||
| 008 | 960619s1993 eng d | ||
| 020 | |a 0-415-07270-0 | ||
| 035 | |l 10016165 | ||
| 040 | |a GR-MY-UA |b gre |e aacr | ||
| 041 | 0 | |a eng | |
| 082 | 0 | |a 305.42 | |
| 100 | 1 | |a Stanley, Liz |d 1947- | |
| 245 | 1 | 0 | |a Breaking out again : |b feminist ontology and epistimology / |c Liz Stanley and Sue Wise |
| 250 | |a 2nd ed. | ||
| 260 | |a London and New York : |b Routledge, |c 1993 | ||
| 300 | |a viii, 253 σ.; |c 23 εκ. | ||
| 504 | |a Περιέχει βιβλιογραφικές παραπομπές (σ. [234]-246) και ευρετήριο | ||
| 650 | 0 | 0 | |a Feminism. |
| 650 | 0 | 0 | |a Women |x Psychology. |
| 650 | 0 | 0 | |a Women in politics. |
| 650 | 0 | 0 | |a Women's studies. |
| 700 | 1 | |a Wise, Sue. | |
| 852 | |a INST |b LESVOS |e 19960619 |h 305.42 STA |p 005100009922 |q 005100009922 |t BK |y 0 | ||
| 909 | |a Λ |b 044105 | ||